Garrett Thomson: Descartes přeložil Tomáš Forró, Albert Marenčin

Podrobná bibliografia
Hlavný autor: Špelda, Daniel, 1976- (Autor)
Médium: Článok
Jazyk:slovenčina
čeština
ISSN:1335-0668
Predmet:

MARC

LEADER 00000nab a2200000 a 4500
001 vtls008947645
003 SK-MaSNL
005 20260426083732.0
008 250505c2006 xo mr|p|||||||000 b|slo
015 |a SNBRB2007/02 
035 |a (uuid)a0a272b4-048f-4773-99a7-ec81077e2de4 
035 |a urn:nbn:sk:snk-ab9jff 
035 |a (urnnbn)urn:nbn:sk:snk:ar-a08gxr 
038 |a SNKBUCL 
040 |a SNKBUCL  |b slo  |c SNKBUCL  |e AACR2 
041 0 |a cze 
044 |a xo  |c SK 
080 |a 141  |2 1997 
080 |a 101  |2 1997 
100 1 |a Špelda, Daniel,  |d 1976-  |4 aut  |9 177473 
245 1 0 |a Garrett Thomson: Descartes  |b přeložil Tomáš Forró, Albert Marenčin  |c Daniel Špelda 
600 1 7 |a Descartes, René,  |d 1596-1650  |2 snkbucl  |9 162456 
650 0 7 |a filozofia  |2 snkbucl  |9 793 
655 7 |a recenzie  |2 snkbucl  |9 21907 
773 0 |t Organon F  |g Roč. XIII, č. 2 (2006), s. 261-265  |x 1335-0668 
787 0 8 |i Rec.:  |a Thomson, Garrett  |t Descartes  |d Bratislava : Vydavateľstvo PT, 2004  |z 8089912636 
850 |a Slovenská národná knižnica 
852 |a Slovenská národná knižnica 
958 |a article13 
958 |a OND 
958 |a SK 
958 |a EUIPO 
999 |c 2913147  |d 2915077